书目信息 |
| 题名: |
病毒与人类疾病
|
|
| 作者: | 斯特劳斯 编 | |
| 分册: | ||
| 出版信息: | 北京 科学出版社 2006.01 |
|
| 页数: | 345页 | |
| 开本: | 26cm | |
| 丛书名: | Elsevier英文原版名作中文导读系列 | |
| 单 册: | ||
| 中图分类: | R373 | |
| 科图分类: | ||
| 主题词: | 医药学:微生物学 | |
| 电子资源: | ||
| ISBN: | 7-03-016713-9 | |
| 000 | 00649 nam 000229 | |
| 001 | 0100002206 | |
| 005 | 20070901162551.32 | |
| 010 | @a7-03-016713-9@dCNY75.00 | |
| 100 | @a20070807d2006 em y0chiy0121 ea | |
| 101 | @achi | |
| 102 | @aCN@b110000 | |
| 105 | @ay z 000yy | |
| 200 | 10 | @a病毒与人类疾病@9bing du yu ren lei ji bing@f(美)斯特劳斯编@F( mei ) si te lao si bian |
| 210 | @a北京@c科学出版社@d2006.01 | |
| 215 | @a345页@d26cm | |
| 225 | @aElsevier英文原版名作中文导读系列 | |
| 606 | @a医药学:微生物学 | |
| 690 | @aR373@v4 | |
| 701 | 0 | @a斯特劳斯@9si te lao si@4编 |
| 801 | @aCN@c20070901 | |
| 901 | @a000003 | |
| 905 | @dR373@eS709 | |
| 病毒与人类疾病/(美)斯特劳斯编.-北京:科学出版社,2006.01 |
| 345页;26cm.-(Elsevier英文原版名作中文导读系列) |
| ISBN 7-03-016713-9:CNY75.00 |
| ● |
| 相关链接 |
|
|
|
正题名:病毒与人类疾病
索取号:R373/S709
 
预约/预借
| 序号 | 登录号 | 条形码 | 馆藏地/架位号 | 状态 | 备注 |
| 1 | 644805 | 206448058 | 自科库401/401自科库 15排1列2层/ [索取号:R373/S709] | 在馆 |